[Event "XLIII Sevilla Open 2018"]
[Site "Sevilla"]
[Date "2018.01.17"]
[Round "6"]
[White "Vasquez Schroeder, Rodrigo"]
[Black "Anurag, Mhamal"]
[Result "0-1"]
[WhiteElo "2554"]
[BlackElo "2472"]
[Annotator "TA"]
[PlyCount "142"]
[EventDate "2018.??.??"]
[EventType "swiss"]
[EventCountry "ESP"]
[SourceTitle "playchess.com"]
[Source "ChessBase"]
[SourceQuality "1"]

{[%evp 23,142,0,6,-16,-13,-10,-10,-35,-45,-51,-43,-41,-52,-42,-51,-45,-48,-33,-28,-24,-16,-51,-29,-66,-67,-66,-68,-93,-100,-109,-63,-42,-51,-44,-55,-68,-67,-67,-67,-67,-67,-141,-71,-75,-75,-85,0,0,0,-83,-35,-50,-14,-16,-13,-13,-20,-36,0,-18,-16,-10,-7,-7,-8,-13,-17,-19,-19,-26,0,0,0,0,0,0,0,0,0,0,0,0,0,0,0,0,0,0,0,0,0,0,0,0,2,0,0,-9,0,-8,0,0,0,-29976,-29977,-29977,-29978,-29978,-29979,-29979,-29980,-29980,-29981,-29981,-29982,-29982,-29983,-29983,-29984,-29985,-29986]} 1. e4 e5 2. Nf3 Nc6 3. Bc4 Bc5 4. c3 Nf6 5. d3 a6 6. Bb3 Ba7 7. h3 d6 8. Nbd2 O-O 9. Nf1 d5 10. Qe2 {C54: Giuoco Piano: 4 c3 Nf6, main lines with 5 d4 and 5 d3} dxe4 (10... Re8 11. Ng3 h6 12. Nh2 Be6 13. Ng4 Nh7 14. O-O Qd7 15. Qf3 Rad8 16. Nxh6+ gxh6 17. Nh5 Kh8 18. Bxh6 {½-½ (37) Li,R (2564)-Rambaldi,F (2574) Saint Louis 2017}) 11. dxe4 Nh5 12. g3 Nf6 {LiveBook: 8 Games} 13. Bg5 $146 ({Predecessor:} 13. Bc2 Ne8 14. g4 Nd6 15. Ne3 Be6 16. O-O h5 17. Nh2 Qh4 {0-1 (51) Trbojevic,M (2381)-Jovanovic,D (2373) Budapest 2015}) 13... h6 14. Rd1 Qe7 15. Bxf6 (15. Be3 {is more complex.} Be6 16. Bxa7 Nxa7 17. Ne3 Rad8 18. Nd5) 15... Qxf6 16. Ne3 Bxe3 $1 17. Qxe3 Na5 18. Kf1 Nxb3 19. axb3 Qe6 20. b4 a5 21. bxa5 f5 22. exf5 Qxf5 23. Nh4 Qf6 24. Kg1 Rxa5 25. Ng2 b6 26. Rd2 Qc6 {Hoping for ...Bb7.} 27. Kh2 $1 Bb7 {[%csl Gb7][%cal Rc6g2]} 28. Rg1 {[#]} Ra1 $1 {[%mdl 512] Threatens to win with ...Rxg1.} 29. f4 (29. Rxa1 Qxg2#) 29... exf4 30. gxf4 Rxg1 31. Kxg1 Rf6 32. Re2 (32. Kh2 $15) 32... Kh7 ({Black should try} 32... Rg6 $1 {[%cal Rg6g2]} 33. Qe8+ Qxe8 34. Rxe8+ Kf7) 33. Qd3+ Rg6 34. Kh2 Kh8 {[%cal Rg6g2]} 35. Qd8+ Kh7 {[%cal Rg6g2]} 36. Qd3 h5 37. Rf2 Kh6 {[%cal Rg6g2]} 38. Qd2 Rd6 39. Qe3 Re6 40. Qd2 {Strongly threatening f5+.} Rd6 41. Qe3 Kh7 42. Qe2 Qd5 43. f5 Rh6 44. Qe3 Rf6 45. Qg5 Qe5+ 46. Kg1 Bxg2 47. Kxg2 $11 {[%mdl 4096] Endgame KQR-KQR} Qe4+ 48. Kh2 Qe5+ 49. Kg2 Qd5+ 50. Kh2 Qd6+ 51. Kh1 Qd1+ 52. Kh2 Qd6+ 53. Kh1 Qd1+ 54. Kh2 Kg8 55. Qf4 Qd7 56. Qe5 Kf7 57. Kg3 Qd6 (57... Rd6 {seems wilder.} 58. Qe2 Rd3+ 59. Rf3 Qd6+ 60. Kh4 Rd5) 58. Qxd6 Rxd6 {KR-KR} 59. Rf3 Kf6 60. Kh4 $1 Rd5 61. Kxh5 Rxf5+ 62. Rxf5+ Kxf5 {K3P-K3P} 63. b4 $2 {[%mdl 8192]} (63. c4 $11) 63... b5 $1 {Black mates.} 64. Kh4 Kf4 65. Kh5 g5 $1 {[%cal Bg7g5,Bg5g4][%mdl 32]} 66. Kg6 g4 $1 67. hxg4 Kxg4 68. Kf6 {[#]} Kf4 $1 {[%cal Rf4e4]} 69. Ke6 {[#]} Ke4 $1 {[%cal Re4d3]} 70. Kd7 Kd3 71. Kc6 Kc4 {Precision: White = 64%, Black = 66%.} 0-1

[Event "XLIII Sevilla Open 2018"]
[Site "Sevilla"]
[Date "2018.01.17"]
[Round "6"]
[White "Santos Latasa, Jaime"]
[Black "Swayams, Mishra"]
[Result "0-1"]
[WhiteElo "2546"]
[BlackElo "2432"]
[Annotator "TA"]
[PlyCount "100"]
[EventDate "2018.??.??"]
[EventType "swiss"]
[EventCountry "ESP"]
[SourceTitle "playchess.com"]
[Source "ChessBase"]
[SourceQuality "1"]

{[%evp 16,100,14,4,12,-11,14,-8,-6,0,0,-6,0,-12,-8,-16,-13,-12,0,-15,-14,-25,-22,-143,-143,-171,-175,-174,-170,-162,-144,-345,-174,-174,-168,-394,-394,-393,-377,-346,6,-168,-160,-163,-159,-161,-165,-214,-221,-313,-322,-394,-236,-258,0,-373,-300,-261,-153,-345,-286,-345,-335,-339,-317,-369,-348,-369,-368,-357,-360,-354,-353,-347,-325,-364,-362,-333,-325,-388,-331,-579,-569,-710,-627,-29987,-2220]} 1. c4 e6 2. Nc3 d5 3. d4 Nf6 4. cxd5 exd5 5. Bg5 Bb4 6. e3 h6 7. Qa4+ {D35: Queen's Gambit Declined: Exchange Variation} (7. Bh4 g5 8. Bg3 Ne4 9. Qb3 c5 10. Bd3 Nc6 11. Bxe4 dxe4 12. d5 Na5 13. Qa4+ Qd7 14. Qxd7+ Bxd7 15. Nge2 {½-½ (29) Ding,L (2772)-Lodici,L (2407) Antalya 2017}) 7... Nc6 8. Bxf6 Qxf6 9. Bb5 {LiveBook: 5 Games. Qxb4 is the strong threat.The position is equal.} O-O 10. Nge2 Bxc3+ 11. Nxc3 $146 (11. bxc3 {with more complications.} Bf5 12. Ng3 Bg6 13. O-O a6 14. Be2) ({Predecessor:} 11. bxc3 Ne7 12. O-O c6 13. Bd3 Bf5 14. Bxf5 Nxf5 {0-1 (39) Cooper,J (2310)-Borg,G (2385) Dubai 1986}) 11... Ne7 12. O-O c6 13. Be2 Nf5 14. Qd1 Re8 15. Rc1 Qg5 {next ...Rxe3! is good for Black.} 16. g3 Nd6 17. Bf3 Bh3 {[%cal Bc8h3,Bh3g2,Bg2f3][%mdl 32]} 18. Re1 Re6 19. Ne2 {[#]} (19. b4 $11 {keeps the balance.}) 19... Rxe3 $1 $17 {[%mdl 512]} 20. Bg2 {[#]} (20. fxe3 Qxe3+) 20... Bxg2 $1 {[%mdl 512]} 21. fxe3 (21. Kxg2 Nf5) 21... Bf3 22. Qb3 Nf5 {Hoping for ...Re8.} 23. Kf2 $2 (23. Rc3 $17) 23... Re8 (23... Qh5 $142 {Strongly threatening ...Re8.} 24. Nf4 Qxh2+ 25. Kxf3 g5) 24. Nf4 $19 Qg4 $1 $40 {[%mdl 128] White is in trouble.} 25. Qxb7 $2 (25. Rg1 {was the only defense.} Be4 26. Qd1 Nxe3 27. Qe2 Qxe2+ 28. Kxe2) 25... Be4 $1 {( -> ...Qf3+)} 26. Re2 Qf3+ 27. Ke1 {[#]} Nxe3 $2 ({Black should try} 27... Bd3 $1 $19 {[%cal Rd3e2][%mdl 512]} 28. Nxd3 Nxd4 $1 {[%mdl 512]}) 28. Qb3 $2 (28. Qxc6 $11 {and White is okay.} Rb8 29. Rf2 Qh1+ 30. Kd2 Nc4+ 31. Qxc4 $1 {[%mdl 512]} dxc4 32. Rxh1 Bxh1 33. Kc3) 28... Qh1+ 29. Kd2 Nf1+ 30. Rxf1 Qxf1 31. Qc3 Rb8 32. b3 (32. Qc1 $142 Qf3 33. b3) 32... Qb1 33. Ke3 Qg1+ (33... g5 $142 34. Nd3 Bxd3 35. Qxd3 Re8+ 36. Kd2 Qxa2+ 37. Ke1 Rxe2+ 38. Qxe2 Qxb3 39. Qe8+ Kg7 40. Qe5+ Kg6 41. Qd6+ Kh5 42. Qxc6 Qe3+ 43. Kf1 Qd3+ 44. Kg2 Qe4+ 45. Kf2 Qxd4+ 46. Kf3 a5) 34. Kd2 Qb1 (34... Kh7 $142 35. Nd3 Bf3) 35. Ke3 Bf5 {aiming for ...Bg4.} 36. Kf2 Qh1 (36... Bg4 $19 37. Qe1 Qf5 38. Re8+ Rxe8 39. Qxe8+ Kh7 40. Qxc6 g5 41. Qxd5 gxf4 42. Qxf5+ Bxf5 43. gxf4 Kg6) 37. h4 $2 (37. Qe1 $17 {only move.} Qxh2+ 38. Kf3 Be4+ 39. Ke3) 37... Be4 38. Ke3 g5 39. hxg5 hxg5 40. Nd3 Qf3+ 41. Kd2 Qxg3 42. Re3 Qh2+ 43. Re2 Qh3 44. Re3 Qg2+ 45. Re2 Qf3 46. Re3 Qf6 47. Ne5 Kg7 48. Kc1 $2 (48. Re2 Qf1 49. Re1) 48... Rh8 49. Re2 Qf1+ 50. Kd2 Rh3 {Precision: White = 24%, Black = 61%.} (50... Rh1 $142 51. Qb2 {[#]} Qxe2+ $1 {[%mdl 512]} 52. Kxe2 Rh2+ 53. Kf1 Rxb2 54. a4 Rxb3 55. a5 Rc3 56. Ke2 f6 57. Ng4 Rc2+ 58. Kd1 Rc4 59. Ke1 Rxd4 60. Kf2 Ra4 61. Ke3 f5 62. Ne5 d4+ 63. Kf2 Ra2+ 64. Kg3 f4+ 65. Kg4 f3 66. Kxg5 Rxa5 67. Kf4 f2 68. Kxe4 f1=Q 69. Nf3 Qe2+ 70. Kf4 Kf6 71. Kg3 Ra3 72. Kh4 Rxf3 73. Kg4 Qe3 74. Kh5 Qg5#) 0-1

[Event "XLIII Sevilla Open 2018"]
[Site "Sevilla"]
[Date "2018.01.17"]
[Round "6"]
[White "Dvirnyy, Danyyil"]
[Black "Pulvett Marin, Daniel"]
[Result "1-0"]
[WhiteElo "2534"]
[BlackElo "2438"]
[Annotator "TA"]
[PlyCount "65"]
[EventDate "2018.??.??"]
[EventType "swiss"]
[EventCountry "ESP"]
[SourceTitle "playchess.com"]
[Source "ChessBase"]
[SourceQuality "1"]

{[%evp 14,65,39,21,17,13,202,202,206,131,188,172,185,182,201,192,247,250,238,228,250,205,263,195,252,233,336,312,325,333,324,279,370,312,379,233,212,208,237,242,459,469,469,452,915,905,854,434,1004,1007,1000,997,987,981]} 1. d4 Nf6 2. c4 g6 3. g3 Bg7 4. Bg2 O-O 5. Nc3 d6 6. Nf3 c6 7. O-O Bf5 8. Ne1 {LiveBook: 274 Games} d5 {E62: King's Indian: Fianchetto: 6...c6 and Panno Variation (6...Nc6) without ...a6} (8... Be6 9. d5 cxd5 10. cxd5 Bd7 11. Be3 a5 12. Bd4 Na6 13. Nd3 b5 14. a3 b4 15. axb4 Nxb4 16. Qd2 Rb8 17. Nxb4 Rxb4 {0-1 (57) Ding,L (2774)-Carlsen,M (2837) Saint Louis 2017}) 9. Qb3 dxc4 $2 {[#]} (9... Qb6 $11 {and Black stays safe.}) 10. Qxb7 $18 Nbd7 {White is clearly better.} 11. Qxc6 $146 (11. Bxc6 $6 Qa5 $16) ({Predecessor:} 11. e4 Be6 12. Qxc6 Nb6 13. d5 Rc8 14. Qb5 Bd7 15. Qa5 Ng4 16. h3 {1-0 (49) Barsov,A (2505)-Shvyrjov,I (2466) Tallinn 2009}) 11... Nb6 (11... Rc8 $16 12. Qa4 e5) 12. Qb5 Rc8 13. e4 Bd7 14. Qa6 e5 (14... Ra8 {might work better.} 15. e5 Ne8) 15. dxe5 Ng4 16. f4 (16. Qxa7 Ra8 $11) 16... Qc7 {With the idea ...Qc5+.} 17. Qa5 Rfe8 18. Nd1 Bf8 (18... c3 $142 19. Qxc3 (19. Nxc3 Bf8 $18) 19... Bb5 20. Qxc7 Rxc7) 19. h3 Bc5+ (19... Ba4 $142) 20. Kh1 Ba4 21. b3 (21. hxg4 Bxd1 22. Be3 Bxg4 $14) 21... cxb3 22. hxg4 Qd7 23. Nf3 Bb5 24. e6 Rxe6 {[#]} 25. Re1 $1 Nc4 26. Qc3 Rd6 $2 (26... a5) 27. axb3 {White is clearly winning.} Rd3 28. Qc2 (28. bxc4 Rxc3 29. Nxc3 Bxc4 $18) 28... Qxg4 (28... Na5 $142 29. Ne5 (29. Rxa5 Bb4 $11) 29... Bd4 30. Qxd3 (30. Nxd7 Rxc2 31. Ne3 Rxc1 $18) (30. Rxa5 Bxe5 31. Qe2 Rxc1 $17) 30... Bxd3) 29. Qxd3 Ne5 30. Nh2 Qh5 (30... Nxd3 $142 31. Nxg4 Nxe1) 31. Qxb5 Ng4 32. Bh3 $1 {[%cal Rh3g4]} Qxh3 33. Qe2 {Precision: White = 81%, Black = 37%.} 1-0

[Event "XLIII Sevilla Open 2018"]
[Site "Sevilla"]
[Date "2018.01.17"]
[Round "6"]
[White "Lei, Tingjie"]
[Black "Estremera Panos, Sergio"]
[Result "1-0"]
[WhiteElo "2531"]
[BlackElo "2339"]
[Annotator "TA"]
[PlyCount "79"]
[EventDate "2018.??.??"]
[EventType "swiss"]
[EventCountry "ESP"]
[SourceTitle "playchess.com"]
[Source "ChessBase"]
[SourceQuality "1"]

{[%evp 18,79,18,12,43,24,25,0,0,0,0,0,0,0,76,95,80,63,58,51,136,118,149,102,98,109,106,106,104,111,113,98,101,101,177,193,210,204,180,161,312,297,299,290,572,597,605,591,550,505,565,580,903,733,846,774,757,689,932,920,914,914,997,997]} 1. e4 e5 2. Nf3 Nf6 3. Nxe5 d6 4. Nf3 Nxe4 5. Nc3 Nxc3 6. dxc3 Be7 7. Be3 Nd7 8. Qd2 {C42: Petroff Defence: 3 Nxe5 and unusual White 3rd moves} O-O 9. O-O-O c6 10. Kb1 {LiveBook: 16 Games. The position is equal.} Nc5 (10... d5 11. h3 Nc5 12. c4 Be6 13. Nd4 Ne4 14. Qe1 Bf6 15. Nxe6 fxe6 {1-0 (40) Kravtsiv,M (2672)-Salgado Lopez,I (2644) Riadh 2017}) 11. h4 Ne4 $146 ({Predecessor:} 11... d5 12. h5 Ne4 13. Qc1 Bg4 14. h6 g6 15. Bd3 Bxf3 16. gxf3 Nc5 17. Bf1 b5 {0-1 (31) Ruiz C,J (2367)-Saltos Velez,A (2099) Medellin 2017}) 12. Qe1 Bf6 13. Bd3 Re8 $1 14. Ng5 Bf5 15. f3 {[%cal Rg5e4]} Nxg5 (15... Nxc3+ $1 $11 16. bxc3 Qa5 17. Bxf5 Bxc3 18. Qxc3 (18. Bxh7+ Kh8 $15) 18... Qxc3 19. Bxh7+ Kf8) 16. Bxf5 $16 Ne6 17. Qd2 Qa5 18. g4 Nf8 (18... d5 $14) 19. h5 {[%cal Bh4h5,Bh5h6][%mdl 32]} Re7 20. h6 {[#] hxg7 is the strong threat.} g6 21. Qxd6 Rxe3 22. Qxf6 $40 {[%csl Gh6][%cal Rf6g7][%mdl 128] White has strong attack.} Qe5 23. Qxe5 Rxe5 24. Bd3 Ne6 25. Bc4 Re8 (25... b5 $16 {is a better defense.}) 26. Rd7 $18 b5 27. Bxe6 $1 R5xe6 {[%mdl 4096] Endgame KRR-KRR} 28. a4 g5 $2 (28... bxa4 29. Rxa7 Rf6) 29. axb5 ({Don't take} 29. Rxa7 bxa4 30. Rxa4 f6 $18) 29... cxb5 30. Rxa7 Re1+ $2 (30... Rb8 {was called for.} 31. Ka2 Reb6) 31. Rxe1 {White is clearly winning.} Rxe1+ {KR-KR} 32. Ka2 {White threatens Ra8+ and mate.} Kf8 33. Ra5 Rh1 34. Rxb5 f6 35. Rb7 Rxh6 36. c4 f5 37. gxf5 Ra6+ 38. Kb3 h5 39. Rh7 h4 {[#]} 40. f4 $1 {Precision: White = 79%, Black = 28%.} 1-0

[Event "XLIII Sevilla Open 2018"]
[Site "Sevilla"]
[Date "2018.01.17"]
[Round "6"]
[White "Aroshidze, Levan"]
[Black "Mohota, Nisha"]
[Result "1-0"]
[WhiteElo "2516"]
[BlackElo "2269"]
[Annotator "TA"]
[PlyCount "125"]
[EventDate "2018.??.??"]
[EventType "swiss"]
[EventCountry "ESP"]
[SourceTitle "playchess.com"]
[Source "ChessBase"]
[SourceQuality "1"]

{[%evp 42,125,37,8,19,0,32,33,41,29,74,61,58,52,58,36,40,33,44,45,37,24,24,12,39,47,39,39,41,42,56,34,43,-3,46,30,76,64,95,20,20,20,20,21,22,23,23,12,360,353,329,331,323,320,1202,1154,902,891,5210,5166,4834,5073,4114,4161,2957,1484,1948,1486,7031,6101,29960,29968,29967,29971,6295,29968,29972,29972,29978,29979,29979,29980,29981,29982,29981,29981]} 1. e4 e5 2. Nf3 Nc6 3. Bb5 a6 4. Ba4 Nf6 5. O-O Be7 6. Re1 b5 7. Bb3 d6 8. c3 O-O 9. h3 Nb8 10. d4 Nbd7 11. Nbd2 Bb7 12. Bc2 Re8 13. Nf1 Bf8 14. Ng3 g6 15. a4 c5 16. d5 c4 17. Bg5 Nc5 {C95: Closed Ruy Lopez: Breyer Variation with 10 d4} 18. Qd2 Be7 19. Bh6 Nfd7 20. Nh2 Nxa4 21. Bxa4 bxa4 22. Be3 {[#] LiveBook: 3 Games} Nb6 $146 ({Predecessor:} 22... a5 23. Ng4 Bf8 24. Bh6 Be7 25. f4 exf4 26. Bxf4 {1-0 (40) Megaranto,S (2527)-Leitao,R (2649) Tromsoe 2014}) 23. Rf1 Bc8 24. f4 exf4 25. Bxf4 Nd7 26. Ng4 f6 27. Rxa4 a5 28. Qf2 (28. Rxc4 Ba6 $15) 28... Rf8 29. Bh6 Rf7 30. Be3 Rf8 31. Ne2 {[%cal Bg3e2,Be2d4,Bd4e6][%mdl 32]} Ne5 32. Nh6+ Kg7 33. Nd4 Qe8 34. Raa1 a4 35. Qg3 Kh8 36. Ng4 Bd7 37. Ne6 Nxg4 (37... Bxe6 $5 38. dxe6 h5 39. Nxe5 dxe5 $11) 38. Qxg4 Rb8 39. Rf2 Bd8 40. Raf1 (40. Qg3 $16 Bxe6 41. Qxd6 (41. dxe6 Qxe6 42. Rxa4 Kg8 $11)) 40... Qe7 $11 41. Bd4 Bb6 $1 42. Qd1 Bxe6 43. Bxb6 Rxb6 44. Qd4 $40 {[%mdl 128] Black needs to defend precisely.} Rbb8 $2 {[%mdl 8192]} (44... Rb5 $11 {and Black stays safe.}) 45. Rxf6 $18 {[%csl Gf1][%cal Rf6f8] [#]} (45. dxe6 Qxe6 46. Rxf6 Rxf6 $14) 45... Kg8 46. dxe6 {Rf7 is the strong threat.} ({Don't blunder} 46. Rxe6 $2 Rxf1+ 47. Kxf1 Qg5 $19) 46... Rxf6 47. Rxf6 {Threatens to win with Rf7.} Rf8 $2 (47... Qc7 48. e7 (48. Rf7 Qb6 $18) 48... Qxe7 49. Rxd6 (49. Qxc4+ Kg7 $16) 49... Qg5 50. Qxc4+ Kf8) 48. Rxf8+ Qxf8 49. Qxc4 {[%mdl 4096] [#] Endgame e7+ would kill now. KQ-KQ} Qe7 50. Qc8+ Kg7 51. Qd7 Kf6 52. Qxe7+ Kxe7 {KP-KP} 53. Kf2 Kxe6 54. Ke3 Ke5 55. h4 {[%cal Bh3h4,Bh4h5][%mdl 32]} h6 56. g3 {[%cal Bg2g3,Bg3g4][%mdl 32]} d5 57. exd5 Kxd5 58. Kd3 Kc5 {White mates.} 59. g4 g5 60. h5 Kd5 61. c4+ {[%cal Bc3c4,Bc4c5][%mdl 32]} Ke5 62. Kc3 Kf4 63. c5 {Precision: White = 73%, Black = 47%.} 1-0

[Event "XLIII Sevilla Open 2018"]
[Site "Sevilla"]
[Date "2018.01.17"]
[Round "6"]
[White "Pap, Misa"]
[Black "Bjerre, Jonas Buhl"]
[Result "1-0"]
[WhiteElo "2491"]
[BlackElo "2367"]
[Annotator "TA"]
[PlyCount "117"]
[EventDate "2018.??.??"]
[EventType "swiss"]
[EventCountry "ESP"]
[SourceTitle "playchess.com"]
[Source "ChessBase"]
[SourceQuality "1"]

{[%evp 13,117,31,32,13,13,9,14,9,1,0,12,15,21,14,26,0,76,58,34,27,67,0,0,0,-7,-31,-6,-13,-8,-10,-9,-26,30,16,52,-70,25,-48,35,-100,-104,-93,-89,-97,-76,-245,-89,-140,-143,-149,-142,-325,-323,-310,-293,-949,-382,-366,-335,-640,0,0,0,0,0,-115,-117,-91,-44,-102,0,0,133,29,136,89,266,251,374,60,187,212,626,593,1687,1716,1184,269,464,433,1826,1699,1543,1424,12835,2210,12833,9204,5949,1978,2458,2540,1852,1602,29992,29993]} 1. e4 c5 2. c3 Nf6 3. e5 Nd5 4. Nf3 e6 5. d4 cxd4 6. cxd4 b6 7. Bd3 Ba6 8. Nc3 {B22: Sicilian: 2 c3} (8. O-O {seems wilder.} Bxd3 9. Qxd3 Nc6 10. Bd2 Rc8 11. Nc3) 8... Nxc3 9. bxc3 Bxd3 10. Qxd3 {The position is equal.} d5 11. h4 $146 ({Predecessor:} 11. exd6 Bxd6 12. Ng5 Qc7 13. Qf3 Nc6 14. O-O h6 15. Ne4 O-O {½-½ (57) Lugovskoy,M (2447)-Hayrapetyan,H (2514) Moscow 2017}) 11... Nc6 12. h5 h6 13. Rh3 Qc7 14. Kf1 O-O-O (14... Na5 $11) 15. Kg1 Kb7 16. Nd2 Rc8 17. f4 (17. Nb3 $14) 17... Rg8 $11 18. Rg3 Ne7 19. a4 a5 (19... Nf5 $5 {[%cal Rf5g3]} 20. Rh3 g6 $15) 20. Nf1 Nf5 21. Rh3 g6 22. Bd2 $1 gxh5 (22... Be7 $142) 23. Rxh5 f6 24. Qf3 (24. exf6 Qf7 $11) (24. Rxf5 $1 $14 exf5 25. Qxf5) 24... Qh7 (24... fxe5 $1 $15 25. fxe5 (25. Rxf5 $2 e4 $17) 25... Qf7) 25. Re1 (25. exf6 $11 Rc6 26. Re1) 25... Qg6 ({Black should try} 25... fxe5 $15 26. Rxe5 Ng7) 26. Kh2 (26. exf6 $14 {is the one way to stay ahead.} Qf7 27. Re5) 26... Rc7 $17 27. exf6 Qxf6 {Hoping for ...Nh4.} 28. g4 Nd6 $1 29. Ng3 $2 (29. f5 $17 {was forced.} Ne4 30. Rxe4 dxe4 31. Qxe4+ Ka7 32. Kh3) 29... Ka7 $2 (29... Rcg7 $1 $19 {is more deadly.} 30. f5 Nxf5 $1 {[%mdl 512]} 31. Nxf5 Rxg4 32. Rxh6 Qxf5 33. Qxf5 exf5 34. Rh7+ Kc6) 30. f5 (30. Kg2 $142) 30... exf5 31. gxf5 {[#]} Ne4 $1 {[%mdl 512]} 32. Nxe4 $2 (32. Rxe4 $17 {was called for.} dxe4 33. Nxe4) 32... dxe4 $19 33. Rxe4 {And now Re6 would win.} (33. Qxe4 Qf7 $15) 33... Bd6+ 34. Kh1 $2 (34. Kh3 Rg3+ 35. Qxg3 Bxg3 36. Kxg3) 34... Rg3 (34... Rcg7 $142 {[%csl Gg8][%cal Rg7g1]} 35. Re1 Rg3) 35. Qf1 Qf7 36. Rh3 $2 (36. Rxh6 $2 Qd5 $19) (36. Rhh4 Re7 37. Bf4 Bxf4 38. Qxf4 Rxc3 39. Rxe7+ (39. Rxh6 Qd5 $15) 39... Qxe7 40. Rg4) 36... Rxh3+ $2 (36... Qc4 $1 $19 {[%cal Rc4f1]} 37. Qxc4 Rxh3+ 38. Kg1 Rxc4) 37. Qxh3 $11 Qa2 38. Qd3 (38. Qxh6 $2 Qb1+ 39. Re1 Qxf5 $19) 38... Qxa4 {( -> ...Qd1+)} 39. Re1 (39. Qf3 $1 $11 {remains equal.}) 39... Qc6+ $17 40. Qe4 Qb5 {...Re7 is the strong threat.} 41. Qf3 ({Better is} 41. Qe6 $15 Bg3 42. Rg1) 41... Rf7 (41... Rg7 $17 42. c4 Qxc4) 42. f6 $11 Qb2 (42... Rxf6 $11 43. Qxf6 Qc6+ 44. d5 (44. Kg1 $2 Bh2+ 45. Kxh2 Qxf6 $19) 44... Qxd5+ 45. Kg1 Qxd2 46. Qf7+ Ka6 47. Qc4+ Kb7 48. Qf7+ Bc7 49. Qf3+ Ka6 50. Qa8+ Kb5 51. Qe8+ Kc5) 43. Re8 (43. Re6 $1 $16) 43... Qb1+ (43... Rb7 $11 44. Re6 Bb8) 44. Kg2 {[%csl Ge8][%cal Rf3a8]} Qg6+ $2 (44... Rb7 $16 {was necessary.} 45. Re6 Bf8) 45. Kh3 $1 $18 {[%csl Ge8][%cal Rf3a8]} Bb8 (45... Rb7 {was worth a try.} 46. Re6 Rd7) 46. Re6 $2 $40 {[%mdl 128] White attacks.} (46. Bf4 $1 $18 {[%cal Rf4b8]} Qf5+ 47. Kg2 Qg6+ 48. Kf2 Qc2+ 49. Ke1 Qb1+ 50. Kf2 Qb2+ 51. Qe2 Qxe2+ 52. Kxe2 Rxf6 53. Bxb8+ Ka6 54. c4) 46... h5 {[#]} (46... Bc7 $1 $14) 47. Be3 $1 a4 $2 (47... Bc7 48. d5 Rd7) 48. d5 {[%cal Bd4d5,Bd5d6][%mdl 32]} Bc7 49. d6 Bd8 50. Bd4 $2 (50. Re4 Qxe4 51. Qxe4 Rxf6 52. Qxa4+ Kb8 53. Qe8) 50... a3 $2 (50... Rd7 51. Re7 Rxe7 52. dxe7 (52. fxe7 Qe6+ 53. Kg2 Bxe7 $18) 52... Bxe7) 51. c4 Qg4+ (51... a2 $142 52. Re2 Qg4+ 53. Qxg4 hxg4+ 54. Kg2 (54. Kxg4 Bxf6 55. Rxa2+ Kb7 $11) 54... Bxf6) 52. Qxg4 hxg4+ 53. Kxg4 {[%mdl 4096] Endgame Strongly threatening Re7+. KRB-KRB} Kb8 {[#]} 54. Re7 $1 {[%mdl 512]} Rf8 (54... Bxe7 55. fxe7) 55. Kf5 Kc8 56. Ra7 (56. Ke6 $142 Kb8 {[#]} 57. f7 $1 {[%mdl 512]}) 56... a2 57. Ke6 Re8+ 58. Kd5 {Threatening mate with d7+.} Re2 59. f7 {Precision: White = 33%, Black = 31%.} 1-0

[Event "XLIII Sevilla Open 2018"]
[Site "Sevilla"]
[Date "2018.01.17"]
[Round "6"]
[White "Xu, Yi"]
[Black "Kveinys, Aloyzas"]
[Result "1/2-1/2"]
[WhiteElo "2482"]
[BlackElo "2547"]
[Annotator "TA"]
[PlyCount "39"]
[EventDate "2018.??.??"]
[EventType "swiss"]
[EventCountry "ESP"]
[SourceTitle "playchess.com"]
[Source "ChessBase"]
[SourceQuality "1"]

{[%evp 22,39,28,27,39,37,45,29,41,18,54,34,48,46,47,0,29,0,40,0]} 1. e4 c5 2. Nf3 Nc6 3. Bb5 g6 4. Bxc6 bxc6 5. O-O Bg7 6. Re1 Nh6 7. c3 O-O 8. h3 d6 9. d4 cxd4 10. cxd4 f6 11. Nc3 Nf7 12. Be3 {LiveBook: 58 Games} f5 $146 {B31: Sicilian: 2...Nc6 3 Bb5 g6} ({Predecessor:} 12... e5 13. Rc1 Qe7 14. Qd2 f5 15. dxe5 dxe5 16. Na4 Rd8 17. Qa5 f4 18. Bc5 Qb7 19. Ba3 Qb5 20. Rc5 Qxa5 21. Rxa5 {1-0 (59) Jakovenko,D (2710)-Barnaure,V (2476) Antalya 2017}) 13. Rc1 fxe4 14. Nxe4 Be6 {White has an edge.} 15. b3 Qd7 16. Nc3 Bf5 17. Nh4 Be6 18. Nf3 Bf5 19. Nh4 Be6 20. Nf3 1/2-1/2